000 00275nam a2200121Ia 4500
005 20251222154329.0
008 251222s9999||||xx |||||||||||||| ||spa||
020 _a84-8136-050-3
082 _a893.1/B17
100 _a"Bakr, Salwa"
245 0 _aEl carro dorado
942 _cLIB
999 _c34095
_d34095